Educación participativa : alternativas metodológicas.

Guardado en:
Detalles Bibliográficos
Autor principal: Gajardo, Marcela (autor)
Otros autores: Werthein, Jorge, coaut (autor) coaut, (autor)
Formato: Desconocido
Idioma:Español
Temas:
Acceso en línea:Ver documento en línea
Etiquetas: Agrega una etiqueta
Sin etiquetas, Sé el primero en etiquetar este registro!

MARC

LEADER 00000c**#a2200000ua#4500
001 000501426
003 DLC
005 20260526000000.0
008 070820c^^^^9999^^^^r1^^^^^^^^0^^^^0spa^d
009 20260526151057.113
022 |a 01851284 
035 |a FCE 000045603 
037 |a Acervo ITESO - Biblioteca 
041 |a spa 
095 |a RLEE  |b 83-3-83. 
100 |a Gajardo, Marcela  |e (autor) 
245 1 0 |a Educación participativa :  |b alternativas metodológicas. 
264 |a México :  |b Centro de Estudios Educativos,  |c 1983. 
336 |a texto  |b txt  |2 rdacontenido 
337 |a sin mediación  |b n  |2 rdamedio 
338 |a volumen  |b nc  |2 rdasoporte 
649 |a XX 
650 |a Educación no formal 
650 |a Ensayo 
650 |a Investigación participativa 
650 |a Participación de la comunidad 
650 |a Metodología 
650 |a Educación formal 
650 |a Participación social 
740 |g vol. 13, no. 3, 1983, pp. 83-104.  |t Revista Latinoamericana de Estudios Educativos. Ensayos, 
700 |a Werthein, Jorge,  |e coaut  |e (autor) 
856 4 0 |u https://www.cee.edu.mx/rlee/revista/r1981_1990/r_texto/t_1983_3_03.pdf  |y Ver documento en línea 
910 |a Fondo Centro de Estudios Educativos 
920 |a Impresos - Libros 
930 |a Fondos Especiales 
905 |a 133 
902 |a https://opac.biblio.iteso.mx/vufind/Record/000501426